Nomi dei calciatori - Quiz n°3 - Statistics

Statistiche generali
  • Questo quiz è stato fatto 193 volte
  • Il punteggio medio è 6 su 10
Statistiche sulle risposte
Hint Risposta % Corretto
Karius Loris
76%
Berbatov Dimităr
75%
Muslera Fernando
75%
Konaté Ibrahima
71%
Wan Bissaka Aaron
70%
Flamini Mathieu
67%
Kiwior Jakub
60%
Lovren Dejan
59%
Estigarribia Marcelo
54%
Ebosse Enzo
35%
Nessun quiz corrispondente trovato
Distribuzione punteggi
Percentuale di utenti per punteggio
Percentile per numero di risposta
I tuoi punteggi nel tempo
Non hai fatto questo quiz